LEADER 00767nab a2200157 i 4500 001 000000280866 003 CaOOAMICUS 005 20140331000000.0 008 140331n xx uu u0 0und r 013 $a33122 040 $aSeMil$bita 245 10$aTalla, 5 anni :$bil tracoma lo sta trascinando nella cecità, in un battito di ciglia /$cSightsavers Italia ONLUS. - Pieghevole illustrativo. 500 $a[inserto promozionale]. 700 1 $aSightsavers International Italia, Associazione per la lotta contro la cecità .$0(OLS)http://semarc/name/84065 773 0 $tEducazione.$dMilano : Nuova Editoriale Italiana, 2014.$w()228561 996 $6245$aTalla, 5 anni :$bil tracoma lo sta trascinando nella cecità, in un battito di ciglia$9(OLS)http://semarc/title/360733 LEADER 00718naa a2200145 i 4500 001 000000300468 003 CaOOAMICUS 005 20180831172703.0 008 180831n xx u000 u und u 013 $a8149 040 $aSeMil$bita 100 1 $aGiavini, Giovanni,$c.$0(OLS)http://semarc/name/17859 245 13$aLa legislazione mosaica :$bcontenuto, storia, valori e limiti ; Il (Biblioteca di cultura religiosa ; 22). 773 0 $aArdusso, Franco <1935-2005>$tRivelazione e morale.$dBrescia : Paideia, copyr. 1973.$kBiblioteca di cultura religiosa$w()34695 996 $6245$aLa legislazione mosaica :$bcontenuto, storia, valori e limiti ; Il (Biblioteca di cultura religiosa ; 22).$9(OLS)http://semarc/title/376476